Koenigsmark

Gespeichert in:
Bibliographische Detailangaben
1. Verfasser: Benoit, Pierre
Format: Buch
Sprache:Undetermined
Veröffentlicht: París, Francia Albin Michel 1934
Schlagworte:
Tags: Tag hinzufügen
Keine Tags, Fügen Sie den ersten Tag hinzu!

MARC

LEADER 00000nam a2200000Ia 4500
008 170316s9999 xx 000 0 und d
040 |a cru BVZT 
090 |a 840 B-12k 
100 |a Benoit, Pierre 
245 |a Koenigsmark 
260 |a París, Francia 
260 |b Albin Michel 
260 |c 1934 
300 |a 254 páginas 
650 |a LITERATURA FRANCESA 
999 |c 7489  |d 7489 
942 |c 15 D  |h 840 B-12k  |2 z